| 000 | 01470nam a2200361 c 4500 | ||
|---|---|---|---|
| 003 | BLK | ||
| 005 | 20250712110259.0 | ||
| 008 | 180409b bul|||||r ||||||| ||bul|| | ||
| 010 | _aKNG00113291000 | ||
| 020 |
_a954-321-022-5 _bиздат.: Изток-Запад - на том(кн. 1) |
||
| 040 | _aBLK | ||
| 041 |
_aBUL _cBUL |
||
| 080 |
_aИстория на Рим (до 476 г. н. е.). Древен Рим _b94(37) _x(093) _z94(37)(093) |
||
| 100 | 1 |
_aТит Ливий _eпърви автор _988707 |
|
| 700 | 1 |
_aАтанасов, Владимир _eпрев. от лат. _9366818 |
|
| 139 |
_aЛивий, Тит _bЛ 54 |
||
| 245 | 1 | 0 |
_aИсторията на Рим _bОт основаването на Града : Кн. 1 - _cТит Ливий; прев. от лат. Владимир Атанасов. _nКн. 1 |
| 257 | _aDRR | ||
| 260 |
_аСофия _c2004 - |
||
| 300 | _c20 см | ||
| 380 | _a9 | ||
| 500 | _aОриг. загл. Ab Ubre Condita / Titus Livius | ||
| 650 | 4 |
_aДревен Рим - история _9249436 |
|
| 653 | _aДревен Рим | ||
| 653 | _aистория | ||
| 760 | 1 |
_3- на том(кн. 1) _aЛивий, Тит _dИзток-Запад, 2004 _h176 с. : с ил., портр. _tКн. 1 |
|
| 852 | _aЦб 219714 | ||
| 856 | 4 |
_qpdf _u |
|
| 856 | 4 |
_qpdf _u |
|
| 942 |
_cKNG _n0 _06 |
||
| 944 |
_aCR _c31.05.2004 _k30560 _lГеновева Генчева |
||
| 944 |
_aED _c31.10.2016 _kТеодора_Стоянова |
||
| 999 |
_c107994 _d107994 |
||